000 00378nam a2200145Ia 4500
008 210210b1968 xxu||||| |||| 00| 0 eng d
082 _a512.55 KELL
100 _aKELLEY (J L) & NAMIOKA (Isaac).
245 _aLinear topological spaces.
260 _aLondon
_bVan Nostrand
_c1968
300 _a256
650 _aLinear topological spaces
690 _aAlgebra
906 _a032089
999 _c82967
_d82967